Statistics for 2010s Oscar Best International Feature Film Nominees

Click here to take the quiz!

General Stats

  • This quiz has been taken 27 times
  • The average score is 19 of 29

Answer Stats

MoviesCountry% Correct
A Prophet; MustangFrance
100%
Biutiful; RomaMexico
100%
Leviathan; LovelessRussia
96%
ShopliftersJapan
92%
A Man Called Ove; The SquareSweden
92%
A Separation; The SalesmanIran
88%
In Darkness; Ida; Cold WarPoland
88%
In a Better World; A Royal Affair;
The Hunt; A War; Land of Mine
Denmark
84%
The White Ribbon; Toni Erdmann; Never Look AwayGermany
84%
The Great BeautyItaly
84%
The Secret in Their Eyes; Wild TalesArgentina
80%
Kon-TikiNorway
80%
Bullhead; The Broken Circle BreakdownBelgium
76%
AmourAustria
72%
DogtoothGreece
72%
No; A Fantastic WomanChile
68%
Son of Saul; On Body and SoulHungary
64%
Ajami; FootnoteIsrael
64%
Incendies; Monsieur Lazhar; War WitchCanada
60%
Embrace of the SerpentColombia
60%
The Milk of SorrowPeru
60%
The Insult; CapernaumLebanon
52%
TannaAustralia
48%
Outside the LawAlgeria
44%
The Missing PictureCambodia
32%
TangerinesEstonia
28%
TimbuktuMauritania
28%
TheebJordan
24%
OmarPalestine
20%

Score Distribution

Percentile by Number Answered

Percent of People with Each Score

Your Score History

You have not taken this quiz